000
00283nam a22001337a 4500
008
170719b xxu||||| |||| 00| 0 eng d
020
_a
039453476X
041
_a
eng
080
_a
2
100
_a
24
101
_a
TEO
245
_a
THE FIRST LIBERTY
_c
MILLER, W.L
942
_2
udc
_c
BK
999
_c
21497
_d
21497